| 000 -LEADER |
| fixed length control field |
00970nam a22002897a 4500 |
| 003 - CONTROL NUMBER IDENTIFIER |
| control field |
AR-BaISA |
| 005 - DATE AND TIME OF LATEST TRANSACTION |
| control field |
20220512203620.0 |
| 007 - PHYSICAL DESCRIPTION FIXED FIELD--GENERAL INFORMATION |
| fixed length control field |
ta |
| 008 - FIXED-LENGTH DATA ELEMENTS--GENERAL INFORMATION |
| fixed length control field |
170323b2015 sp ad||| ||| 00| 0 spa d |
| 020 ## - INTERNATIONAL STANDARD BOOK NUMBER |
| International Standard Book Number |
97884160004669 |
| 040 ## - CATALOGING SOURCE |
| Transcribing agency |
AR-BaISA |
| 082 04 - DEWEY DECIMAL CLASSIFICATION NUMBER |
| Edition number |
22 |
| Classification number |
612 C674 |
| 100 10 - MAIN ENTRY--PERSONAL NAME |
| 9 (RLIN) |
51 |
| Personal name |
Costanzo, Linda |
| 245 10 - TITLE STATEMENT |
| Title |
Fisiología / |
| Statement of responsibility, etc. |
Linda Costanzo |
| 250 ## - EDITION STATEMENT |
| Edition statement |
6ª ed. |
| 260 ## - PUBLICATION, DISTRIBUTION, ETC. |
| Place of publication, distribution, etc. |
Barcelona: |
| Name of publisher, distributor, etc. |
Wolters Kluwer, |
| Date of publication, distribution, etc. |
2015 |
| 300 ## - PHYSICAL DESCRIPTION |
| Extent |
318 p.: |
| Other physical details |
il., graf. |
| 490 1# - SERIES STATEMENT |
| Serie |
Revisión de temas |
| 505 ## - FORMATTED CONTENTS NOTE |
| Title |
Fisiología celular -- |
| -- |
Neurofisiología -- |
| -- |
Fisiología cardiovascular -- |
| -- |
Fisiología respiratoria -- |
| -- |
Fisiología renal y equilibrio ácido-base -- |
| -- |
Fisiología gastrointestinal -- |
| -- |
Fisiología endocrina |
| 650 14 - SUBJECT ADDED ENTRY--TOPICAL TERM |
| 9 (RLIN) |
31 |
| Topical term or geographic name entry element |
Fisiología humana |
| 650 14 - SUBJECT ADDED ENTRY--TOPICAL TERM |
| 9 (RLIN) |
52 |
| Topical term or geographic name entry element |
Sistema nervioso |
| 650 14 - SUBJECT ADDED ENTRY--TOPICAL TERM |
| 9 (RLIN) |
55 |
| Topical term or geographic name entry element |
Sistema cardiovascular |
| 650 14 - SUBJECT ADDED ENTRY--TOPICAL TERM |
| 9 (RLIN) |
53 |
| Topical term or geographic name entry element |
Sistema digestivo |
| 650 14 - SUBJECT ADDED ENTRY--TOPICAL TERM |
| 9 (RLIN) |
54 |
| Topical term or geographic name entry element |
Sistema endocrino |
| 830 #0 - SERIES ADDED ENTRY--UNIFORM TITLE |
| 9 (RLIN) |
44 |
| Uniform title |
Revisión de temas |
| 942 ## - ADDED ENTRY ELEMENTS (KOHA) |
| Source of classification or shelving scheme |
|
| Koha item type |
Libros |